000 00712nam a2200217Ia 4500
005 20241129111112.0
008 241129s9999||||xx |||||||||||||| ||und||
020 _a978-93-91952-49-5
037 _aTB
040 _aCRL
_beng
_cCRL
041 _aeng
_2eng
084 _aV2jN62 R2
_qCRL
100 _aNath Suryakant [...et al] Au.
_9723310
245 0 _aFacets of Indian archaeology, history and culture : a felicitation volume in honour of prodessor Harihar Panda
_cNath Suryakant [...et al] Au.
260 _aNew Delhi, India
_bPacific Books International
_c2022
300 _axviii,430p.
365 _aINR
_b3999
650 _a History
942 _cTB
_hV2jN62 R2
999 _c1228932
_d1228932